Регионална библиотека "Любен Каравелов" - Русе

Българска стенопис XVI-XVII век (Запис номер 94258)

MARC детайли
000 -Лидер
Контролно поле с фиксирана дължина 01424nam a2200361 c 4500
003 - Код на организацията, давaща контролен номер
Контролно поле BLK
005 - Дата и час на последна редакция
Контролно поле 20240322105132.0
008 - Елементи от данни с фиксирана дължина
fixed length control field 180408b bul|||||r ||||||| ||bul||
010 ## - Наследен системен номер
LC control number KNG00099076000
040 ## - Източник на каталожния запис
Идентификатор на билиотеката - собственик на записа BLK
041 ## - Код за език
Код за езика на текст/звукозапис или на отделно заглавие Български
Код за езика КДБФ Български
080 ## - УДК
Текстов определител УДК Религиозна живопис
УДК код - определител по УДК 75.046
УДК определител (497.2)
УДК - код + определител 75.046(497.2)
100 1# - Редна дума - Автор
Автор Манова, Екатерина
Авторска отговорност първи автор
R(LIN) 305841
139 ## - Редно поле
Редна дума Манова, Екатерина
Авторски знак Мано - М 27
245 10 - Сведения за заглавието
Заглавие Българска стенопис XVI-XVII век
Редно поле (дума) Екатерина Манова.
257 ## - Страна на издаване
Страна на създаване/издаване България
260 ## - Област на издателските данни
-- София
Име на издателя, разпространителя и проч. БАН
Година на издаване 1985
300 ## - Физическа характеристика
Страници 86 с., 32 л.
Илюстрации и др. репрод.
Размери/Мащаб 24 см
380 ## - Жанр
Жанр Изкуство
500 ## - Общи забележки
Забележка Изд. на БАН. Археол. инст. и музей. Библиогр. под линия ; Рез. на рус., англ. ез.
650 #4 - Допълнително описание по предмет – тема
Основно описание – тема или топоним Живопис - България
9 (RLIN) 242598
650 #4 - Допълнително описание по предмет – тема
Основно описание – тема или топоним Стенописи - България
9 (RLIN) 305806
650 #4 - Допълнително описание по предмет – тема
Основно описание – тема или топоним Икони, български - Възраждане
9 (RLIN) 242789
653 ## - Ключова дума – ненормативна
Ключова дума религиозна живопис
653 ## - Ключова дума – ненормативна
Ключова дума стенописи
653 ## - Ключова дума – ненормативна
Ключова дума икони
852 ## - Местоположение
Форматна сигнатура Цб 135060
856 4# - Електронен адрес и достъп
Електронен формат pdf - файл
Път до файла /url/
856 4# - Електронен адрес и достъп
Електронен формат pdf - файл
Път до файла /url/
942 ## - АРТИКУЛИ
Вид на библиотечния материал Книги
Скрит в OPAC Не
Koha issues (borrowed), all copies 1
944 ## - СЪЗДАВАНЕ И РЕДАКЦИЯ на ЗАПИСА
Създаване/Редакция Създаване
Дата на регистрацията/редакция 21.01.2011
Статус, дата на статуса Ренета Константинова
Служител, извършил регистрацията/редакцията 30546
944 ## - СЪЗДАВАНЕ И РЕДАКЦИЯ на ЗАПИСА
Създаване/Редакция Редакция
Дата на регистрацията/редакция 26.08.2015
Статус, дата на статуса добави в АБ / 20.01.2011
Служител, извършил регистрацията/редакцията
999 ## - СИСТЕМНИ КОНТРОЛНИ НОМЕРА
Koha biblionumber 94258
Koha biblioitemnumber 94258
Наличности
Код за отписване Код за изгубен артикул Източник на класификационната схема Код за повреда Коз за рестрикции Код за отдаване Артикулен № Име на библиотеката - собственик Име на библиотеката, в която се намира в момента Статус (Текущо местоположение) Дата на вписване в системата Местоположение - отдел Цена в лева Инвентарен номер Систематично азбучна сигнатура Баркод Номер на екземпляра Цена в евро Служебна бележка Служебен тип на артикула
  Не е изгубен Universal Decimal Classification Не е повреден без рестрикции ползва се в читалня 151386 Регионална библиотека "Любен Каравелов" Русе Регионална библиотека "Любен Каравелов" Русе Отдел Изкуство - подръчен фонд 1985-01-01 Отдел Изкуство - подръчен фонд 2.26 433844 75.04/М 27 120000433844 1 1.16 N: стар фонд Дата: 01.01.1985 Дата инв: 07.06.2012 Бележки инв: * Книги
Изтеглен Не е изгубен Universal Decimal Classification Не е повреден без рестрикции заемане за дома 151387 Регионална библиотека "Любен Каравелов" Русе Регионална библиотека "Любен Каравелов" Русе Отдел Изкуство - подръчен фонд 1985-01-01 Отдел Изкуство - подръчен фонд 2.26 433843 75.04/М 27 433843 2 1.16 Дост: Pk Вид: Ф N: стар фонд Дата: 01.01.1985 Книги
  Не е изгубен Universal Decimal Classification Не е повреден само за читалня ползва се в читалня 151388 Регионална библиотека "Любен Каравелов" Русе Регионална библиотека "Любен Каравелов" Русе Хранилище 1985-01-01 Хранилище 2.26 429019 Цб 135060 900000014651 3 1.16 Дост: Dp Вид: Д N: стар фонд Дата: 01.01.1985 Книги
Vip Innovations Ltd, Rousse, Bulgaria 2025